Singers In Movies - Statistics

General Stats
  • This quiz has been taken 75 times
  • The average score is 10 of 30
Answer Stats
Hint Answer % Correct
8 Mile Eminem
74%
The Bodyguard Whitney Houston
72%
Meet The Fockers Barbra Streisand
61%
Labyrinth David Bowie
54%
House Of Gucci Lady GaGa
52%
A League Of Their Own Madonna
50%
Mad Max: Beyond Thunderdome Tina Turner
48%
Burlesque Christina Aguilera
46%
Don’t Worry Darling Harry Styles
41%
Get Rich Or Die Tryin’ 50 Cent
35%
Crossroads Britney Spears
33%
The Wiz Michael Jackson
33%
Ocean’s 8 Rihanna
33%
Starsky & Hutch Snoop Dogg
33%
Deep Blue Sea LL Cool J
30%
Ride Along Ice Cube
28%
The Hunger Games Lenny Kravitz
28%
I Still Know What You Did Last Summer Brandy
24%
Mamma Mia! Here We Go Again Cher
24%
Anaconda Jennifer Lopez
24%
In Time Justin Timberlake
24%
Sister Act 2: Back In The Habit Lauryn Hill
22%
Dr Seuss’s The Lorax Taylor Swift
22%
Obsessed Beyoncé Knowles
20%
Argylle Dua Lipa
17%
Smokin’ Aces Alicia Keys
15%
The Faculty Usher
13%
Takers Chris Brown
11%
Rock Of Ages Mary J Blige
11%
So Undercover Miley Cyrus
7%
No matching quizzes found
Score Distribution
Percent of People with Each Score
Percentile by Number Answered
Your Score History
You have not taken this quiz